Largest Non-Capital Cities - Statistics

General Stats
  • This quiz has been taken 447 times
    141 since last reset
  • The average score is 15 of 20
Answer Stats
Continent Population (K) City % Correct
N America 21,396 New York
96%
Asia 24,042 Shanghai
92%
N America 15,587 Los Angeles
91%
Asia 25,189 Mumbai
91%
S America 21,486 Sao Paulo
91%
Asia 27,119 Guangzhou
87%
S America 12,306 Rio de Janeiro
87%
Eurasia 14,441 Istanbul
85%
Asia 14,916 Osaka
83%
Asia 21,747 Kolkata
81%
Asia 20,249 Karachi
76%
Africa 14,540 Lagos
76%
Asia 15,257 Bangalore
68%
Asia 14,953 Ho Chi Minh City
66%
Asia 15,016 Chengdu
65%
Asia 12,221 Xi'an
65%
Asia 12,653 Chongqing
64%
Asia 13,054 Lahore
64%
Asia 13,382 Tianjin
55%
Asia 17,778 Shenzhen
46%
No matching quizzes found
Score Distribution
Percent of People with Each Score
Percentile by Number Answered
Your Score History
You have not taken this quiz since the last reset